000 00776nam a2200205 i 4500
001 40274
003 ES-MaACL
005 20230906160159.0
007 t|
008 030305s1873 ddr ||||1| ger d
100 1 _aCarriere, Moriz.
_935744
245 1 0 _aRenaisance und reformation in bildung kunst und literatur
_b: ein beitrag zum geschichte des menschlich geistes /
_cMoriz Carriere.
250 _a2ยช ed.
260 _aLeipzig :
_bBrockhaus,
_c1873.
300 _aXII, 707 p. ;
_c23 cm.
490 1 _aDie Kunst im Zusammenhang der Culturentwickelung und die Ideale der Menschheit ;
_v4
830 0 _aDie Kunst im Zusammenhang der Culturentwickelung und die Ideale der Menschheit ;
_v4
_9181846
852 _aES-MaACL
_jZ-203
_xOlim: G-2599
999 _c40274
_d40274